La región más transparente /

שמור ב:
מידע ביבליוגרפי
מחבר ראשי: Fuente Macías, Carlos, 1928-2012
פורמט: לא ידוע
שפה:Spanish
יצא לאור: México: Fondo de Cultura Económica, c1958
מהדורה:2. edición aumenta
סדרה:Colección popular ; 86
נושאים:
תגים: הוספת תג
אין תגיות, היה/י הראשונ/ה לתייג את הרשומה!

MARC

LEADER 000000000a22000000004500
001 000582
008 140729s1958 mx g |||| 000 f spa d
020 |a 9681609727 
082 |a M863.4  |b F954r2 
100 1 |a Fuente Macías, Carlos,   |d 1928-2012 
245 1 3 |a La región más transparente /  |c Carlos Fuentes 
250 |a 2. edición aumenta 
260 |a México:   |b Fondo de Cultura Económica,   |c c1958 
300 |a 472 páginas 
490 0 |a Colección popular ;   |v 86 
500 |a Número de inscripción 13675, 00435. --Reimpresiones: 1969, 1977 
650 4 |a LITERATURA MEXICANA  |v NOVELA 
942 |2 ddc  |c BK 
999 |c 1373  |d 1373